MAASAI MARA UNIVERSITY

LIBRARY CATALOGUE

Contact Us: +254 020 2685356/7 or 0774 057787

Box: 861-20500, NAROK, KENYA

Email: info@mmarau.ac.ke

Dyson John N (Record no. 2920)

MARC details
000 -LEADER
fixed length control field 00365nam a2200133Ia 4500
008 - FIXED-LENGTH DATA ELEMENTS--GENERAL INFORMATION
fixed length control field 151015s9999 xx 000 0 und d
020 ## - INTERNATIONAL STANDARD BOOK NUMBER
International Standard Book Number 9.7802737092e+012
050 ## - LIBRARY OF CONGRESS CALL NUMBER
Classification number HF 5635 .D38 2007
245 ## - TITLE STATEMENT
Title Dyson John N
250 ## - EDITION STATEMENT
Edition statement _Accounting for non-Accounting students John R.Dyson
260 ## - PUBLICATION, DISTRIBUTION, ETC. (IMPRINT)
Place of publication, distribution, etc. 7th ed.
300 ## - PHYSICAL DESCRIPTION
Extent UK Pearson 2007
500 ## - GENERAL NOTE
General note Includes index

No items available.

© 2016 Maasai Mara University.